[Event "Montevideo op 8th"]
[Site "Montevideo"]
[Date "2025.02.05"]
[Round "6"]
[White "Pascualvaca, Federico"]
[Black "Pos, Hans"]
[Result "1-0"]
[WhiteElo "1794"]
[BlackElo "1950"]
[PlyCount "135"]
[EventDate "2025.01.31"]
[EventType "swiss"]
[EventRounds "9"]
[EventCountry "URU"]
[SourceTitle "CB08_2025"]
[SourceDate "2025.02.19"]
[SourceVersion "1"]
[SourceVersionDate "2025.02.19"]
[SourceQuality "1"]

1. e4 c5 2. Nf3 e6 3. d4 cxd4 4. Nxd4 Bc5 5. Nb3 Bb6 6. Nc3 a6 7. Qf3 Nc6 8. Bd3 Qf6 9. Qxf6 Nxf6 10. 0-0 0-0 11. h3 Ne5 12. Be2 d5 13. exd5 Nxd5 14. Nxd5 exd5 15. Rd1 Be6 16. Nd4 Rac8 17. c3 h6 18. Be3 Bxd4 19. Bxd4 Nc6 20. Bf3 Ne7 21. Be5 Rfd8 22. Rd2 Rd7 23. Rad1 f6 24. Bh2 b5 25. Re2 Kf7 26. Rde1 Rc6 27. b3 Rb6 28. Bf4 Bf5 29. Be3 Re6 30. Bc5 Rxe2 31. Rxe2 Be6 32. b4 g6 33. a4 Nf5 34. axb5 axb5 35. Rd2 h5 36. Be2 Rb7 37. Bf3 Rd7 38. Be2 Rb7 39. Bd3 Ng7 40. Ra2 d4 41. Ra8 Bc4 42. Bxc4+ bxc4 43. Rf8+ Ke6 44. Bxd4 Rf7 45. Rc8 Nf5 46. Rxc4 Rd7 47. Rc6+ Rd6 48. Rxd6+ Nxd6 49. Bc5 Nb5 50. c4 Na3 51. b5 Nxc4 52. f4 Kd5 53. Bf2 Nd6 54. b6 Kc6 55. Bd4 f5 56. Kf2 h4 57. Kf3 Ne4 58. Ke3 Nd6 59. Kd3 Kd5 60. Bf2 Kc6 61. Kd4 Kxb6 62. Ke5+ Kc7 63. Ke6 Ne4 64. Bxh4 Nc5+ 65. Kf6 Kd7 66. Kxg6 Ke6 67. Bf2 Ne4 68. Be1 1-0

[Event "Montevideo op 8th"]
[Site "Montevideo"]
[Date "2025.02.03"]
[Round "4"]
[White "Pascualvaca, Federico"]
[Black "Izquierdo, Sebastian"]
[Result "0-1"]
[WhiteElo "1794"]
[BlackElo "1970"]
[PlyCount "124"]
[EventDate "2025.01.31"]
[EventType "swiss"]
[EventRounds "9"]
[EventCountry "URU"]
[SourceTitle "CB08_2025"]
[SourceDate "2025.02.19"]
[SourceVersion "1"]
[SourceVersionDate "2025.02.19"]
[SourceQuality "1"]

1. e4 d5 2. exd5 Nf6 3. Nf3 Nxd5 4. d4 Bg4 5. h3 Bh5 6. c4 Nb6 7. g4 Bg6 8. Qb3 Be4 9. Nbd2 Bc6 10. d5 Ba4 11. Qc3 Bd7 12. Ne5 e6 13. Qf3 Qf6 14. Qxf6 gxf6 15. Nxd7 N8xd7 16. Bg2 0-0-0 17. 0-0 Bb4 18. a3 Bxd2 19. Bxd2 Nxc4 20. Bc3 e5 21. Rac1 Kb8 22. Rfd1 Ndb6 23. Rd3 h5 24. f4 hxg4 25. hxg4 Rhe8 26. Re1 Nd7 27. b3 Nxa3 28. Rh3 Nb5 29. Bb2 Rg8 30. g5 exf4 31. gxf6 Rg6 32. Kf2 Nxf6 33. Re7 Ng4+ 34. Ke2 f5 35. Rd7 Re8+ 36. Kd2 a6 37. Bf1 Nd6 38. Bd3 Nf2 39. Rhh7 Rg2 40. Bd4 Nxd3+ 41. Kxd3 Nb5 42. Rhe7 Rg3+ 43. Kc4 Rgg8 44. Be5 Rxe7 45. Rxe7 f3 46. Kd3 Rd8 47. Ke3 Rxd5 48. Kxf3 Rd3+ 49. Kf4 Rxb3 50. Kxf5 Ka7 51. Bf4 Kb6 52. Ke6 Rf3 53. Ke5 Nd6 54. Re6 Kc6 55. Rf6 a5 56. Kd4 b5 57. Rf8 Rf1 58. Kc3 b4+ 59. Kc2 Rf3 60. Kb2 Nc4+ 61. Kc2 b3+ 62. Kd1 b2 0-1

[Event "Montevideo Duchamp Cup 6th"]
[Site "Montevideo"]
[Date "2023.02.04"]
[Round "2"]
[White "Pascualvaca, Federico"]
[Black "Martinez Sandoval, David"]
[Result "0-1"]
[WhiteElo "1775"]
[BlackElo "2117"]
[PlyCount "38"]
[EventDate "2023.02.03"]
[EventType "swiss"]
[EventRounds "9"]
[EventCountry "URU"]
[SourceTitle "CBM 212 Extra"]
[Source "ChessBase"]
[SourceDate "2023.03.31"]
[SourceVersion "1"]
[SourceVersionDate "2023.03.31"]
[SourceQuality "1"]

1. e4 c5 2. Nf3 Nc6 3. d4 cxd4 4. Nxd4 g6 5. c4 Bg7 6. Be3 Nf6 7. Nc3 Ng4 8. Qxg4 Nxd4 9. Qd1 Ne6 10. Qd2 Qa5 11. Rc1 b6 12. Be2 Bb7 13. f3 f5 14. exf5 gxf5 15. Bd3 Rg8 16. a3 Qe5 17. 0-0 f4 18. Bf2 Qg5 19. Be1 Bd4+ 0-1